00947 a2200157 4500003000500000005001700005040000900022082001400031100002100045245009300066260002400159300000900183505056200192600001800754650001700772Nust20221025153456.0 cNust a621.3,GAN aGangadhar, K. A. aField theorybfor electrical,electronics and communication engineering / K. A. Gangadhar aKhannabDelhic1987 a428p aIntroduction to Vector Analysis (Page-1), Coulombs Law (Page-26), Static Electric Field –Part.1 (Page-50), Electric Field-Part.2 (Page-114), Divergence and Curl of Vector Fields (Page-159), Magnetic Field (Page-190), Electromagnetic Indication (Page-229), Magnetic Filed of Magnetic Materials (Page-282), Maxwell’s Equation and Travelling Waves (Page-314), Plane Electromagnetic Waves (Page-334), Transmission and Reflection of Plane Wave Of Boundaries (Page-350), Guided Waves (Page-363), Wave Guides (Page-375), Passive Microwave Devices (Page-401). aK A Gangadhar aField Theory